Epistolario Prieto-Negrin (Record no. 7153)

MARC details
000 -LEADER
campo de control de longitud fija 01236nam a2200337 i 4500
001 - NÚMERO DE CONTROL
campo de control 7153
003 - IDENTIFICADOR DE NÚMERO DE CONTROL
campo de control ES-MaACL
005 - FECHA Y HORA DE LA ÚLTIMA TRANSACCIÓN
campo de control 20250803005624.0
007 - CAMPO FIJO DE DESCRIPCIÓN FÍSICA--INFORMACIÓN GENERAL
campo de control de longitud fija t|
008 - DATOS DE LONGITUD FIJA--INFORMACIÓN GENERAL
campo de control de longitud fija 900924s1990 sp ||||1| spa d
020 ## - NÚMERO INTERNACIONAL ESTÁNDAR DEL LIBRO
Número Internacional Estándar del Libro 84-320-6826-8
080 ## - NÚMERO DE LA CLASIFICACIÓN DECIMAL UNIVERSAL
Número de la Clasificación Decimal Universal 86-6"19"
080 ## - NÚMERO DE LA CLASIFICACIÓN DECIMAL UNIVERSAL
Número de la Clasificación Decimal Universal 86(Prieto,I.3.01)
080 ## - NÚMERO DE LA CLASIFICACIÓN DECIMAL UNIVERSAL
Número de la Clasificación Decimal Universal 86(Negrin,J.3.01)
080 ## - NÚMERO DE LA CLASIFICACIÓN DECIMAL UNIVERSAL
Número de la Clasificación Decimal Universal 9(46)"1936/1939"
080 ## - NÚMERO DE LA CLASIFICACIÓN DECIMAL UNIVERSAL
Número de la Clasificación Decimal Universal 32(46)"19"
100 1# - ENTRADA PRINCIPAL--NOMBRE DE PERSONA
Nombre de persona Prieto, Indalecio,
Fechas asociadas al nombre 1883-1962
9 (RLIN) 93889
245 10 - MENCIÓN DEL TÍTULO
Título Epistolario Prieto-Negrin
Resto del título : puntos de vista sobre el desarrollo y consecuencias de la Guerra Civil española /
Mención de responsabilidad, etc. Indalecio Prieto.
250 ## - MENCION DE EDICION
Mención de edición 1a ed.
260 ## - PUBLICACIÓN, DISTRIBUCIÓN, ETC.
Lugar de publicación, distribución, etc. Barcelona :
Nombre del editor, distribuidor, etc. Fundación Indalecio Prieto :
-- Planeta,
Fecha de publicación, distribución, etc. 1990.
300 ## - DESCRIPCIÓN FÍSICA
Extensión 156 p., [8] p. de lam. ;
Dimensiones 19 cm.
490 1# - MENCIÓN DE SERIE
Mención de serie Convulsiones de España ;
Designación de volumen o secuencia 4
600 04 - PUNTO DE ACCESO ADICIONAL DE MATERIA--NOMBRE DE PERSONA
Nombre de persona Prieto, Indalecio,
Fechas asociadas al nombre 1883-1962-
Subdivisión de forma Correspondencia
9 (RLIN) 93891
600 14 - PUNTO DE ACCESO ADICIONAL DE MATERIA--NOMBRE DE PERSONA
Nombre de persona Negrín, Juan,
Fechas asociadas al nombre 1892-1956-
Subdivisión de forma Correspondencia
9 (RLIN) 85309
651 #4 - PUNTO DE ACCESO ADICIONAL DE MATERIA--NOMBRE GEOGRÁFICO
Nombre geográfico España-
Subdivisión general Historia-
Subdivisión cronológica 1936-1939, Guerra civil.
9 (RLIN) 8292
700 1# - ENTRADA AGREGADA--NOMBRE PERSONAL
Nombre de persona Negrín, Juan,
Fechas asociadas al nombre 1892-1956
9 (RLIN) 85307
710 2# - ENTRADA AGREGADA--NOMBRE DE ENTIDAD CORPORATIVA
Nombre de entidad corporativa o nombre de jurisdicción como elemento de entrada Fundación Indalecio Prieto
9 (RLIN) 4324
830 0# - PUNTO DE ACCESO ADICIONAL DE SERIE-TÍTULO UNIFORME
Título uniforme Convulsiones de España ;
Designación de volumen o secuencia 4
9 (RLIN) 177827
852 ## - LOCALIZACIÓN
Ubicación ES-MaACL
Número de control de estantería L-14381
Sublocalización o colección R.117972
Nota libre . - rust.
Holdings
Estatus retirado Estado de pérdida Estado de daño No para préstamo Biblioteca de origen Biblioteca actual Ubicación en estantería Fecha de adquisición Fuente de adquisición Total de préstamos Signatura topográfica completa Código de barras Visto por última vez Precio de reemplazo Tipo de ítem Koha
        Biblioteca del Ateneo de Madrid Biblioteca del Ateneo de Madrid Depósito 2 17/01/2008     L-14381 1007291 23/02/2023 23/02/2023 Libro impreso